Biblioteca "Ernesto Sabato"
Facultad de Derecho y Ciencias Sociales
Facultad de Lenguas
Universidad Nacional del Comahue

Hechos y derechos (Record no. 3642)

MARC details
000 -CABECERA
campo de control de longitud fija 00429caa a22001692a 4500
001 - NÚMERO DE CONTROL
campo de control 000864
003 - IDENTIFICADOR DEL NÚMERO DE CONTROL
campo de control AR-FADEU
008 - DATOS DE LONGITUD FIJA--INFORMACIÓN GENERAL
campo de control de longitud fija 311216n############xxu####################dd
092 ## - ASIGNACIÓN LOCAL DE SIGNATURA TOPOGRÁFICA DEWEY (OCLC)
Número de clasificación PP(323.4)HEC
100 ## - ENTRADA PRINCIPAL--NOMBRE DE PERSONA
Nombre de persona Cafiero, Juan Pablo
245 ## - MENCIÓN DE TÍTULO
Resto del título Estado, Democracia y Derechos Humanos
245 ## - MENCIÓN DE TÍTULO
Título Hechos y derechos
260 ## - PUBLICACIÓN, DISTRIBUCIÓN, ETC. (PIE DE IMPRENTA)
Fecha de publicación, distribución, etc. 1995/96
300 ## - DESCRIPCIÓN FÍSICA
Extensión 49-51
650 ## - PUNTO DE ACCESO ADICIONAL DE MATERIA--TÉRMINO DE MATERIA
Término de materia o nombre geográfico como elemento inicial ESTADO; DEMOCRACIA; DERECHOS HUMANOS
942 ## - ELEMENTOS DE PUNTO DE ACCESO ADICIONAL (KOHA)
Tipo de ítem Koha PPGR

No items available.

Facultad de Derecho y Ciencias Sociales | Universidad Nacional del Comahue | Mendoza y Perú General Roca | Río Negro CP (8332) | Patagonia Argentina | Teléfono: 54-0298-4433670 | | Fax: 0298-4432093 | Fax alumnos: 0298-4435700